1142 1650 1061 1342 1529 1827 1978 1908 1375 1971 1630 1997 1441 1557 1476 1814 1760 1330 1288 1623 1014 1248 1062 1396 1221 1787 1102 1432 1998 1772 1575 1091 1048 1155 1094 1154 1226 1100 1557 1726 1863 1629 1296 1510 1049 1768 1867 1959 1281 1252 1892 1484 1809 1407 1081 1144 1645 1911 1835 1235 1701 1509 1862 1483 1581 1519 1141 1591 1588 1316 1131 1614 1234 1717 1944 1954 1955 1212 1931 1959 1430 1985 1480 1522 1574 1737 1299 1480 1874 1602 1149 1462 1018 1920 1369 1460 1356 1371 1020 BCNSPRNW ULIB Ver.6.0+V

เปลี่ยนเป็นภาษาไทย

Change to English
 แสดงรายละเอียดบรรณานุกรม
  กลับหน้าหลัก

Brief Record : Get Marc (ISO 2709) : E-mail record : QR code < ปิดหน้าต่าง
LEADER : 00000nam 2200000uu 4500
001    13399122867
003     ULIB
008    131022s2555||||th 000 0 tha d
020    ^a9786162132131
050  4 ^aDS520^bก271ห
100    ^aกฤชกร เพชรนอก
245    ^aหนีห่าว...สิงคโปร์/^cกฤชกร เพชรนอก
250    ^aพิมพ์ครั้งที่ 1
260    ^aกรุงเทพฯ :^bสกายบุ๊กส์,^c2555
300    ^a72 หน้า
440  0 ^aชุด ประชาคมอาเซียนฉบับการ์ตูน
650  7 ^aอาเซียน^xเสริมความรู้
650  7 ^aสิงคโปร์
945    ^p119^l0^i034087
999    ^aเกษร โพธิ์สุวรรณ
รายการนี้ยังไม่มีแท็ก
คุณยังไม่ได้ล็อกอิน คุณสามารถมีกิจกรรมร่วมกับเว็บไซต์ได้ แต่ต้องล็อกอินก่อน ::
  ล็อกอิน

รายการสื่อสารสนเทศ

ลำดับที่ ประเภท เลขเรียก/บาร์โค้ด สถานที่ สถานะ
1. การศึกษาทั่วไป
หนังสือสำรอง
สถานะ=หนังสือสำรอง
DS520 ก271ห ฉ.1 
  Barcode: 034087
ห้องสมุดวิทยาเขตสวรรค์ประชารักษ์
►หนังสือทั่วไป
บนชั้น

รายการใกล้เคียง
    ผู้แต่ง [กฤชกร เพชรนอก]

    หัวเรื่อง [สิงคโปร์]

BibComment


ยังไม่เคยถูกคอมเมนท์

คอมเมนท์ทรัพยากรรายการนี้
  คอมเมนท์: หนีห่าวสิงคโปร์ ..


 Copyright 2026. Bcnsprnw @Library